000 01978namaa2200421uu 4500
001 doab29051
003 oapen
005 20260305123947.0
006 m o d
007 cr|mn|---annan
008 210210s2019 xx |||||o ||| 0|eng d
020 _a9781315154589
040 _aoapen
_coapen
041 0 _aeng
042 _adc
072 7 _aM
_2bicssc
720 1 _aTrebak, Mohamed
_4edt
245 0 0 _aSignal Transduction and Smooth Muscle
260 _bTaylor & Francis
_c2019
300 _a1 online resource (412 p.)
336 _atext
_btxt
_2rdacontent
337 _acomputer
_bc
_2rdamedia
338 _aonline resource
_bcr
_2rdacarrier
490 1 _aMethods in Signal Transduction Series
506 0 _aFree-to-read
_fUnrestricted online access
_2star
520 _aAll hollow organs, such as blood vessels, the gastrointestinal tract, airways, male and female reproductive systems, and the urinary bladder are primarily composed of smooth muscle. Such organs regulate flow, propulsion and mixing of luminal contents and storage by the contraction and relaxation of smooth muscle cells. Smooth muscle cells respond to numerous inputs, including pressure, shear stress, intrinsic and extrinsic innervation, hormones and other circulating molecules, as well as autocrine and paracrine factors. This book is a review of smooth muscle cell regulation in the cardiovascular, reproductive, GI, and other organ systems with emphasis on calcium and receptor signaling.
540 _aAll rights reserved
_uhttp://oapen.org/content/about-rights
546 _aEnglish
650 7 _aMedicine and Nursing
_2bicssc
653 _aorgans
653 _aregulation
653 _aSmooth muscle cell
720 1 _aEarley, Scott
_4edt
720 1 _aEarley, Scott
_4oth
720 1 _aTrebak, Mohamed
_4oth
793 0 _aDOAB Library.
856 4 0 _uhttps://directory.doabooks.org/handle/20.500.12854/29051
_70
_zFree-to-read: DOAB: description of the publication
999 _c92808
_d92808